000 01201nam0a2200361 4500
001 RU\NLR\b_ik\167811
005 20250616230403.0
010 _a5-8211-0455-6
010 _a978-5-8211-0455-7
_950
035 _a(NLR Aleph) 002240574
090 _a3552515
_c3552515
100 _a20080317d2006 |||y0rusy50 ca
101 0 _aeng
_drus
102 _aRU
105 _ay |||||||||
200 1 _aCause-related marketing: an economic analysis
_fLeonid Polishchuk, Evgeny Firsov
210 _aМосква
_cРос. экон. шк.
_d2006
215 _a22 с.
_d30
225 1 _aWorking paper
_fNew econ. achool
300 _aНадзаг. также на рус. яз.
300 _aРез. на рус. яз.
320 _aБиблиогр.: с. 19
606 1 _aФирмы
_xМаркетинг
_92145415
_3RU\NLR\AUTH\661292604
606 1 _aБлаготворительность
_92159793
_3RU\NLR\AUTH\661299881
686 1 _aУ29(0)
686 1 _aУ5-361.4
686 1 _aУ27(0)68
700 1 _aPoliščuk
_bL. I.
_gLeonid I
_4070
701 1 _aFirsov
_bE. J.
_gEvgenij J
_4070
801 0 _aRU
_bNLR
_c20080317
_gRCR
942 _cBOOK
980 _aNB